000 00529nam a2200181Ia 4500
003 IN-BaIIA
008 211028s9999 xx 000 0 eng d
020 _a978-1-107-01657-6
040 _cIIA Library
080 _a524.3-54
_bIBE-2
100 _aIben, Icko
_935638
245 0 _aStellar evolution physics
_bvol. 2, advanced evolution of single stars
_cIcko Iben
260 _aCambridge
_bCambridge University Press
_c2013
300 _ax, 605p.
650 _aStar evolution
_924939
650 _aStellar dynamics
942 _cBK
999 _c18566
_d18566